Vista normal
Vista MARC
Entrada Personal Name
Número de registros utilizados en: 1
001 - CONTROL NUMBER
- control field: 17074
003 - CONTROL NUMBER IDENTIFIER
- control field: Mx-PuUPA
005 - DATE AND TIME OF LATEST TRANSACTION
- control field: 20250515111937.0
008 - FIXED-LENGTH DATA ELEMENTS
- fixed length control field: 250515|| aca||aabn | a|a d
040 ## - CATALOGING SOURCE
- Original cataloging agency: Mx-PuUPA
- Language of cataloging: spa
- Transcribing agency: Mx-PuUPA
- Modifying agency: Mx-PuUPA
- Description conventions: rda
100 1# - HEADING--PERSONAL NAME
- Personal name: Atehortúa Hurtado, Federico Alonso,
374 ## - OCCUPATION
- Occupation: Autor
375 ## - GENDER
- Gender: hombre
377 ## - ASSOCIATED LANGUAGE
- Language code: spa
400 1# - SEE FROM TRACING--PERSONAL NAME
- Personal name: Hurtado, Federico Alonso Atehortúa
670 ## - SOURCE DATA FOUND
- Source citation: Sistema de gestión integral : una sola gestión, un solo equipo : articulación del modelo estándar de control interno, el modelo de responsabilidad, 208:
- Information found: t.p. (Federico Alonso Atehortúa Hurtado) portada